[Event "Ch Croatia (team) (1st league) (b)"]
[Site "Sibenik (Croatia)"]
[Date "2016.10.16"]
[Round "9"]
[White "Bogut Zeljko (BIH)"]
[Black "Nikcevic Nebojsa (MNE)"]
[Result "1-0"]
[WhiteElo "2419"]
[BlackElo "2439"]

1.c4 c5 2.Nc3 Nc6 3.Nf3 g6 4.d4 cxd4 5.Nxd4 Bg7 6.Nc2 Nf6 7.Bg5 d6 8.e4 Nd7
9.Qd2 Qa5 10.Bh6 Bxc3 11.bxc3 Nc5 12.f3 Be6 13.Nd4 Ne5 14.Nxe6 fxe6 15.Rb1 Rg8
16.Be3 g5 17.Rb5 Qa4 18.Rb4 Qa3 19.Qc2 Qa6 20.h4 h6 21.hxg5 hxg5 22.Bxg5 O-O-O
23.Bxe7 Rd7 24.Bf6 Rf7 25.Rh8 Rxh8 26.Bxh8 Qc6 27.Bxe5 dxe5 28.Rb1 Qe8 29.a4
b6 30.a5 Qd8 31.axb6 axb6 32.Qa2 Qh4+ 33.Qf2 Qd8 34.Rd1 Qg5 35.Qd2 Qh4+ 36.Ke2
Rd7 37.Qe1 Qe7 38.Rxd7 Kxd7 39.g3 Kc7 40.Qd2 Qg7 41.Kf2 Qd7 42.Qxd7+ Kxd7
43.Ke3 Ke7 44.Kd2 Kd6 45.Bh3 Ke7 46.Kc2 Kd6 47.Bg4 Kd7 48.Bh5 Kd6 49.g4 Ke7
50.g5 Kf8 51.Kb2 Nd3+ 52.Ka3 Nf4 53.Bg4 Ke7 54.Kb4 Kd6 55.Kb5 Kc7 56.Bh3 Kb7
57.Bf1 Kc7 58.c5 bxc5 59.Kxc5 Ng6 60.Bb5 Nf4 61.Be8 Kd8 62.Bb5 Kc7 63.Ba4 Nd3+
64.Kb5 Nf4 65.c4 Ng6 66.c5 Nf4 67.Bb3 Kd7 68.Ba2 Kc7 69.Bc4 Kb7 70.c6+ Kc7
71.Kc5 {#r} 1-0